<?xml version="1.0" encoding="UTF-8"?><?xml-stylesheet type="text/xsl" href="static/style.xsl"?><OAI-PMH xmlns="http://www.openarchives.org/OAI/2.0/" xmlns:xsi="http://www.w3.org/2001/XMLSchema-instance" xsi:schemaLocation="http://www.openarchives.org/OAI/2.0/ http://www.openarchives.org/OAI/2.0/OAI-PMH.xsd"><responseDate>2026-05-16T21:57:15Z</responseDate><request verb="GetRecord" identifier="oai:repisalud.isciii.es:20.500.12105/16871" metadataPrefix="marc">https://repisalud.isciii.es/rest/oai/request</request><GetRecord><record><header><identifier>oai:repisalud.isciii.es:20.500.12105/16871</identifier><datestamp>2025-02-27T12:48:31Z</datestamp><setSpec>com_20.500.12105_13731</setSpec><setSpec>com_20.500.12105_2337</setSpec><setSpec>com_20.500.12105_2336</setSpec><setSpec>col_20.500.12105_15410</setSpec></header><metadata><record xmlns="http://www.loc.gov/MARC21/slim" xmlns:dcterms="http://purl.org/dc/terms/" xmlns:doc="http://www.lyncode.com/xoai" xmlns:xsi="http://www.w3.org/2001/XMLSchema-instance" xsi:schemaLocation="http://www.loc.gov/MARC21/slim http://www.loc.gov/standards/marcxml/schema/MARC21slim.xsd">
   <leader>00925njm 22002777a 4500</leader>
   <datafield ind2=" " ind1=" " tag="042">
      <subfield code="a">dc</subfield>
   </datafield>
   <datafield ind2=" " ind1=" " tag="720">
      <subfield code="a">Instituto de Salud Carlos III</subfield>
      <subfield code="e">author</subfield>
   </datafield>
   <datafield ind2=" " ind1=" " tag="260">
      <subfield code="c">2023-10</subfield>
   </datafield>
   <datafield ind2=" " ind1=" " tag="520">
      <subfield code="a">El Instituto de Salud Carlos III (ISCIII) y la Universidad Nacional de Educación a Distancia (UNED) han organizado los días 17 y 18 de octubre de 2023, la III Jornada de Seguimiento del Programa de Doctorado en Ciencias Biomédicas y Salud Pública, que se desarrolla en el marco del Instituto Mixto de Investigación Escuela Nacional de Sanidad-UNED (IMIENS). En esta III Jornada 36 doctorandos, 28 mujeres y 8 hombres, que iniciaron su etapa predoctoral en el curso 2022-2023, presentaron los resultados y avances en el desarrollo de su tesis doctoral. El día 17, diecinueve de ellos expusieron sus presentaciones en el Centro Nacional de Microbiología, en el Campus de Majadahonda del ISCIII. Dichas presentaciones se agruparon en tres sesiones diferentes que incluyeron temáticas relacionadas según líneas de investigación. Paloma Collado Guirao, Coordinadora del Programa y Lucía Pérez Álvarez, Colaboradora Honorífica del IMIENS, inauguraron y dieron la bienvenida al acto. Los moderadores fueron en la Sesión 1: Ana Mª Avellón Calvo y Jorge Amich Elías; en la Sesión 2: Ignacio Pérez de Castro Insua y Belén de Andrés Muguruza, y en la Sesión 3: Victoria Ramos González e Isabel Liste Noya. El día 18, los diecisiete doctorandos restantes, presentaron sus resultados en la Facultad de Psicología de la UNED. Las presentaciones fueron distribuidas igualmente en tres sesiones, agrupando temáticas según líneas de investigación. Fernando Varela Díez, Subdirector de la Escuela Internacional de Doctorado de la UNED (EIDUNED), y Alejandro Higuera Matas, Decano de la Facultad de Psicología, inauguraron y dieron la bienvenida al acto. Los moderadores fueron en la Sesión 1: Diana Gómez Barroso y Helena Pinos Sánchez; en la Sesión 2: Rebeca Ramis Prieto y Beatriz Carrillo Urbano, y en la Sesión 3: Belén Sanz Barbero y Mª Ángeles Rodríguez Arenas. Las Jornadas de Seguimiento que se vienen desarrollando desde que se inició el Programa de Doctorado en Ciencias Biomédicas y Salud Pública en el curso 2020-2021, son una herramienta científica para los doctorandos ya que pueden intercambiar formas de exposición, planteamientos metodológicos y análisis de resultados, pero también son una herramienta social, dado que en estas Jornadas los doctorandos pueden conocerse, intercambiar experiencias y aspectos de interés general para todos ellos.</subfield>
   </datafield>
   <datafield ind1="8" ind2=" " tag="024">
      <subfield code="a">Programa de Doctorado en Ciencias Biomédicas y Salud Pública 22/23</subfield>
   </datafield>
   <datafield ind1="8" ind2=" " tag="024">
      <subfield code="a">http://hdl.handle.net/20.500.12105/16871</subfield>
   </datafield>
   <datafield tag="653" ind2=" " ind1=" ">
      <subfield code="a">Ciencias Biomédicas</subfield>
   </datafield>
   <datafield tag="653" ind2=" " ind1=" ">
      <subfield code="a">Salud Pública</subfield>
   </datafield>
   <datafield tag="653" ind2=" " ind1=" ">
      <subfield code="a">Programa de Doctorado</subfield>
   </datafield>
   <datafield ind2="0" ind1="0" tag="245">
      <subfield code="a">III Jornada de Seguimiento del Programa de Doctorado en Ciencias Biomédicas y Salud Pública del ISCIII y la UNED</subfield>
   </datafield>
</record></metadata></record></GetRecord></OAI-PMH>